Movie by DVD Chapter Titles Quiz Stats

Quiz Updated Mar 6, 2012

Challenge
Share
Tweet
Embed
Score 0/30 Timer 08:00
1 Play Today
Chapter Titles Movie % Correct
25. Burned Down 26. Harvey Two-Face 27. Better Class of CriminalThe Dark Knight
68.7%
13. Pizza Planet 14. Sid's House 15. Back at Andy'sToy Story
65.9%
2. The Plastics 3. Entering Girl World 4. The Burn BookMean Girls
64.6%
26. Gozer 27. Stay Puft Man 28. Crossing StreamsGhostbusters
56.3%
4. The Waterbury Open 5. Welcome to the Tour 6. The Psycho GolferHappy Gilmore
54.4%
16. Rebels in Retreat 17. Escape aboard the Falcon 18. Leaving for DagobahThe Empire Strikes Back
52.1%
20. 'Bend & Snap!' 21. 'We need an alibi' 22. Uncovering EvidenceLegally Blonde
50.8%
13. Quid Pro Quo 14. Lotion in the Basket 15. A Deal for Dr. ChiltonThe Silence of the Lambs
45.8%
13. Easy Andy 14. Henry Krinkle 15. You Talkin' to Me?Taxi Driver
42.8%
22. Jack's Smirking Revenge 23. Project Mayhem 24. Human SacrificeFight Club
38.5%
28. Ellen Goes for It 29. Walley World 30. Security Guard LaskyNational Lampoon's Vacation
38.2%
12. Hunting Victoria 13. Cliff Diving 14. Werewolves Are Not Good CompanyNew Moon
37.8%
17. Brooks Was Here 18. A Shipment for Andy 19. Time Out for MozartThe Shawshank Redemption
35.7%
31. Snippy Yet Cooperative 32. How to Split a Car 33. WoodchippedFargo
33.6%
41. The Baroness Departs 42. Maria and the Captain 43. Something GoodThe Sound of Music
33.4%
Chapter Titles Movie % Correct
10. Love on a Piano 11. Shopping Spree 12. At the Polo MatchPretty Woman
32.8%
11. Neytiri 12. The Omaticaya Clan 13. Covert ReportAvatar
29.8%
6. Unit, Corps, God, Country 7. Off the Record 8. Lunch with JessepA Few Good Men
28.6%
2. Wrong Number 3. It's Only Billy 4. Sidney's TurnScream
26.8%
28. Calling Benedict 29. Rusty States the Terms 30. SWAT Team ArrivesOcean's Eleven
24.9%
23. Finding Fenster 24. No Threat to Kobayashi 25. A Logistical NightmareThe Usual Suspects
24.6%
24. Catching a Bus 25. Crop Duster Attack 26. Crashing HaltNorth by Northwest
24.3%
10. The Waco Kid 11. Beanfest 12. Mongo Goes BoomBlazing Saddles
23.3%
13. Conditional Surrender 14. The Pit of Despair 15. The Queen of GarbageThe Princess Bride
22.6%
12. Basket Chase 13. Meeting with Belloq 14. Bad DatesRaiders of the Lost Ark
16.1%
20. No Help from a Warped, Frustrated Old Man 21. At Martini's Bar 22. On the BridgeIt's a Wonderful Life
14.6%
17. The Duke's Demand 18. A Darker Force 19. Like a VirginMoulin Rouge!
13.8%
11. The Magic Touch 12. Halloween 13. A Moonlight RideE.T. the Extra-Terrestrial
9.6%
12. Nite Owl Massacre 13. Whatever You Desire 14. Lake Look-AlikeL.A. Confidential
9.1%
6. Yesterday's Tape 7. Once a Year 8. No TomorrowGroundhog Day
5.3%

You're not logged in!

Compare scores with friends on all Sporcle quizzes.
Join for Free
OR
Log In

You Might Also Like...

Show Comments

Extras

Top Quizzes Today


Score Distribution

Your Account Isn't Verified!

In order to create a playlist on Sporcle, you need to verify the email address you used during registration. Go to your Sporcle Settings to finish the process.

Report this User

Report this user for behavior that violates our Community Guidelines.

Details: